000 00920nam a2200277 a 4500
001
003 DO-SdBNP
005 20230327120752.0
008 090630s2011 dr ac 001 0 spa d
020 _a9789945004472
040 _aDO-SdBNP
_bspa
_cBPMSU
082 _a248.4
_bB312a, 2011
_222
100 1 _aBasilio, Nicolás,
_d1942-
245 1 0 _aAdvertencia divina para los días finales /
_cNicolás Basilio ; prólogo Kittim Silva Bermúdez.
250 _a3ª ed. corr. y aum.
260 _aSanto Domingo :
_bGamma,
_c2011.
300 _a348 p. :
_bil., retrs. ;
_c22 cm.
500 _aIncluye datos biográficos del autor en la contracubierta
590 _aInventariado, 2022/VM
650 4 _aProtestantismo
650 4 _aVida espiritual
_xCristianismo
650 4 _aDirección espiritual
700 1 _aSilva Bermúdez, Kittim,
_epról.
910 _aVMateo V. Control de calidad (BPMSU)
942 _2ddc
_cBK
999 _c14006
_d14006